<?xml version="1.0" encoding="UTF-8"?>
<record
    xmlns:xsi="http://www.w3.org/2001/XMLSchema-instance"
    xsi:schemaLocation="http://www.loc.gov/MARC21/slim http://www.loc.gov/standards/marcxml/schema/MARC21slim.xsd"
    xmlns="http://www.loc.gov/MARC21/slim">

  <leader>02155nab a2200229 i 4500</leader>
  <controlfield tag="001">BPP</controlfield>
  <controlfield tag="003">BPK</controlfield>
  <controlfield tag="005">20190610114319.0</controlfield>
  <controlfield tag="008">141104s1990    pl  n  f     |000  0pol</controlfield>
  <datafield tag="040" ind1=" " ind2=" ">
    <subfield code="c">BPK</subfield>
  </datafield>
  <datafield tag="080" ind1=" " ind2=" ">
    <subfield code="a">621.791/.795</subfield>
  </datafield>
  <datafield tag="100" ind1=" " ind2=" ">
    <subfield code="a">WALASIK, Stanis&#x142;aw.</subfield>
    <subfield code="d">1973 - 1996.</subfield>
    <subfield code="b">Wy&#x17C;sza Szko&#x142;a In&#x17C;ynierska w Koszalinie - Wydzia&#x142; Mechaniczny,</subfield>
    <subfield code="c">Zak&#x142;ad Maszyn i Urz&#x105;dze&#x144; Rolniczych</subfield>
  </datafield>
  <datafield tag="245" ind1=" " ind2=" ">
    <subfield code="a">Wp&#x142;yw konstrukcji g&#x142;owicy ose&#x142;kowej na mo&#x17C;liwo&#x15B;&#x107; uzyskania sta&#x142;ego nacisku ose&#x142;ki na przedmiot w ca&#x142;ym cyklu g&#x142;adzenia =</subfield>
    <subfield code="b">The effect of honing tool design on the possibility of obtaining the hone constant pressure on the workpiece within the whole honing cycle /</subfield>
    <subfield code="c">Stanis&#x142;aw Walasik, Marek Bohuszewicz.</subfield>
  </datafield>
  <datafield tag="260" ind1=" " ind2=" ">
    <subfield code="c">1990.</subfield>
  </datafield>
  <datafield tag="500" ind1=" " ind2=" ">
    <subfield code="a">Dane z autopsji.</subfield>
  </datafield>
  <datafield tag="520" ind1=" " ind2=" ">
    <subfield code="a">W artykule - pracy przeanalizowano g&#x142;&#xF3;wne czynniki maj&#x105;ce istotny wp&#x142;yw na prawid&#x142;owy przebieg procesu g&#x142;adzenia - honowania. Dokonano szczeg&#xF3;&#x142;owej analizy rozk&#x142;adu si&#x142; wyst&#x119;puj&#x105;cych w g&#x142;owicy ose&#x142;kowej w pe&#x142;nym cyklu obr&#xF3;bkowym. Stwierdzono, &#x17C;e w trakcie g&#x142;adzenia, nacisk ose&#x142;ek na przedmiot obrabiany w strefie skrawania przy ruchu g&#x142;owicy do g&#xF3;ry jest 1,9 razy wi&#x119;kszy ni&#x17C; przy jej ruchu w d&#xF3;&#x142;. Powoduje to, &#x17C;e struktura geometryczna obrobionej powierzchni posiada rysy o r&#xF3;&#x17C;nej g&#x142;&#x119;boko&#x15B;ci i wysoko&#x15B;ci wierzcho&#x142;k&#xF3;w oraz przypadkowym ich rozmieszczeniu, co wp&#x142;ywa ujemnie na wsp&#xF3;&#x142;prac&#x119; skojarzenia tuleja - t&#x142;ok, szczeg&#xF3;lnie w okresie docierania. Analiza ta pozwoli&#x142;a na opracowanie konstrukcji specjalnej g&#x142;owicy ose&#x142;kowej zapewniaj&#x105;cej sta&#x142;y nacisk narz&#x119;dzia na powierzchnie obrabiane w pe&#x142;nym cyklu g&#x142;adzenia i kszta&#x142;towania bardziej r&#xF3;wnomiernej stereometrii powierzchni o korzystnych w&#x142;a&#x15B;ciwo&#x15B;ciach u&#x17C;ytkowych.</subfield>
  </datafield>
  <datafield tag="650" ind1=" " ind2="0">
    <subfield code="a">Polerowanie.</subfield>
  </datafield>
  <datafield tag="650" ind1=" " ind2="0">
    <subfield code="a">In&#x17C;ynieria powierzchni</subfield>
  </datafield>
  <datafield tag="700" ind1=" " ind2=" ">
    <subfield code="a">BOHUSZEWICZ, Marek.</subfield>
    <subfield code="d">1977 - 1996.</subfield>
    <subfield code="b">Wy&#x17C;sza Szko&#x142;a In&#x17C;ynierska w Koszalinie - Wydzia&#x142; Mechaniczny,</subfield>
    <subfield code="c">Zak&#x142;ad Maszyn i Urz&#x105;dze&#x144; Rolniczych</subfield>
  </datafield>
  <datafield tag="773" ind1=" " ind2=" ">
    <subfield code="i">W :</subfield>
    <subfield code="t">Zeszyty Naukowe Wydzia&#x142;u Mechanicznego Wy&#x17C;szej Szko&#x142;y In&#x17C;ynierskiej w Koszalinie. -</subfield>
    <subfield code="g">1990, nr 14 [37], s. 235-258</subfield>
  </datafield>
  <datafield tag="942" ind1=" " ind2=" ">
    <subfield code="c">ART</subfield>
    <subfield code="2">UKD</subfield>
  </datafield>
  <datafield tag="999" ind1=" " ind2=" ">
    <subfield code="c">459</subfield>
    <subfield code="d">459</subfield>
  </datafield>
  <datafield tag="952" ind1=" " ind2=" ">
    <subfield code="0">0</subfield>
    <subfield code="1">0</subfield>
    <subfield code="4">0</subfield>
    <subfield code="7">0</subfield>
    <subfield code="a">BPK</subfield>
    <subfield code="b">BPK</subfield>
    <subfield code="o">0100</subfield>
    <subfield code="y">ART</subfield>
  </datafield>
</record>
